Phao Xtơ Hai tập

Guardat en:
Dades bibliogràfiques
Autor principal: Got.I.V
Format: Llibre
Publicat: H. Nxb. Văn học 1977
Etiquetes: Afegir etiqueta
Sense etiquetes, Sigues el primer a etiquetar aquest registre!
Thư viện lưu trữ: Mạng thư viện Đại học Đà Nẵng
LEADER 00679nam a2200253 4500
001 000004571
003 710
005 20150812140810.0
008 110722s1977 sd
041 0 |a 8.000đ 
082 1 |a 831  |b GOT 
100 0 |a Got.I.V 
245 0 0 |a Phao Xtơ  |b Hai tập  |c Thế Lữ; Đỗ Ngoạn dịch 
260 |a H.  |b Nxb. Văn học  |c 1977 
300 |a 278 tr  |c 19 cm 
774 |a Got. I. V  |d Nxb. Văn học  |d H.  |d 1977  |g T. !  |h 278 tr  |w 712 
OWN |a LSP 
999 |a From the UDN01 
TYP |a Monograph 
TYP |a Printed language 
980 |a Mạng thư viện Đại học Đà Nẵng